Normal view
MARC view
Entry Topical Term
001 - CONTROL NUMBER
- control field: 103689
003 - CONTROL NUMBER IDENTIFIER
- control field: OSt
005 - DATE AND TIME OF LATEST TRANSACTION
- control field: 20230511153005.0
008 - FIXED-LENGTH DATA ELEMENTS
- fixed length control field: 230511|| aca||aabn | a|a d
040 ## - CATALOGING SOURCE
- Original cataloging agency: OSt
- Transcribing agency: OSt
150 ## - HEADING--TOPICAL TERM
- Topical term or geographic name entry element: Economics of Development
670 ## - SOURCE DATA FOUND
- Source citation: Work cat.: (OSt)172074: RAY (S K) 103687, Economics of the third world, 1990